000 00608nam a2200181 i 4500
001 19814
003 ES-MaACL
005 20230906152154.0
007 t|
008 021018s1923 sp ||||1| spa d
100 1 _aÁlvarez Quintero, Serafín,
_d1871-1938
_9226443
245 1 0 _aGanas de reñir
_b: entremés /
_cSerafín y Joaquín Alvarez Quintero.
260 _aMadrid :
_b[s.n.],
_c1923 (
_fImp. Clásica Española)
300 _a17 p. ;
_c19 cm.
700 1 _aÁlvarez Quintero, Joaquín,
_d1873-1944
_920922
852 _aES-MaACL
_jF-8650(2)
_q. - Encuadernado con otras obras
999 _c19814
_d19814